| Tag |
First Indicator |
Second Indicator |
Subfields |
| LEADER |
00000cam a2200000Ia 4500 |
| 001 |
in00002781526 |
| 005 |
20150922104144.0 |
| 008 |
100909s188u ilua 000 1 eng d |
| 035 |
|
|
|a (OCoLC)ocn663180499
|
| 035 |
|
|
|a (OCoLC)663180499
|
| 040 |
|
|
|a TXJ
|c TXJ
|d TXA
|d UtOrBLW
|
| 049 |
|
|
|a TXAM
|
| 050 |
|
4 |
|a PR4731
|b .W58 1880z
|
| 090 |
|
|
|a PR4731
|b .W582 1880z
|
| 100 |
1 |
|
|a Haggard, H. Rider
|q (Henry Rider),
|d 1856-1925.
|
| 245 |
1 |
4 |
|a The witch's head :
|b a novel /
|c by H. Rider Haggard.
|
| 264 |
|
1 |
|a Chicago :
|b J.S. Ogilvie,
|c [between 1880 and 1889?]
|
| 300 |
|
|
|a 345 pages ;
|c 20 cm.
|
| 336 |
|
|
|a text
|b txt
|2 rdacontent
|
| 337 |
|
|
|a unmediated
|b n
|2 rdamedia
|
| 338 |
|
|
|a volume
|b nc
|2 rdacarrier
|
| 490 |
1 |
|
|a The favorite edition ;
|v 118
|
| 655 |
|
7 |
|a Adventure fiction.
|2 gsafd
|
| 655 |
|
7 |
|a Dime novels.
|2 rbgenr
|
| 830 |
|
0 |
|a Favorite edition ;
|v 118.
|
| 994 |
|
|
|a C0
|b TXA
|
| 948 |
|
|
|a cataloged
|b h
|c 2012/7/23
|d c
|e nbehmer
|f 10:24:13 am
|
| 999 |
|
|
|a MARS
|
| 999 |
f |
f |
|s 61db31f9-96bf-3d4d-a611-3a0696dc4e96
|i a0d89329-d966-39fe-8380-f820a8f6085d
|t 0
|
| 952 |
f |
f |
|p noncirc
|a Texas A&M University
|b College Station
|c Cushing Memorial Library & Archives
|d Cushing: Literature/Haggard (Does not check out)
|t 0
|e PR4731 .W582 1880z
|h Library of Congress classification
|i unmediated -- volume
|
| 998 |
f |
f |
|a PR4731 .W582 1880z
|t 0
|l Cushing: Literature/Haggard (Does not check out)
|